Регионална библиотека "Любен Каравелов" - Русе

Космос (Запис номер 390881)

MARC детайли
000 -Лидер
Контролно поле с фиксирана дължина 01688nam a2200313 a 4500
003 - Код на организацията, давaща контролен номер
Контролно поле BLK
005 - Дата и час на последна редакция
Контролно поле 20240816114922.0
008 - Елементи от данни с фиксирана дължина
fixed length control field 201029b bu |||||r|||| 00| | bu d
020 ## - Международен стандартен номер на книга ISBN
Международен стандартен номер на книга ISBN 978-954-27-2385-1
040 ## - Източник на каталожния запис
Идентификатор на билиотеката - собственик на записа BLK
041 ## - Код за език
Код за езика на текст/звукозапис или на отделно заглавие Български
Код за езика КДБФ Български
080 ## - УДК
Текстов определител УДК Звезди и звездни системи. Вселена - Космически лъчи, междузвездно пространство, Галактика, Млечен път, космология, извънгалактически системи
УДК код - определител по УДК 524
УДК - код + определител 524
080 ## - УДК
Текстов определител УДК Бъдеще на науката. Прогнози. Научно предвиждане
УДК код - определител по УДК 001.18
УДК - код + определител 001.18
100 ## - Редна дума - Автор
R(LIN) 1299
Автор Друян, Ан
Авторска отговорност първи автор
139 ## - Редно поле
Редна дума Друян, Ан
Авторски знак Друм - Д 91
245 ## - Сведения за заглавието
Заглавие Космос
Подзаглавни данни Възможни светове
Редно поле (дума) Ан Друян ; науч. ред. Владимир Божилов ; прев. от англ. Лили Илиева
260 ## - Област на издателските данни
9 (RLIN) 209434
Място на издаване, разпространение и проч. София
Име на издателя, разпространителя и проч. Егмонт България
Година на издаване 2020
Издателство - префикс ISBN 978-954-27- ; 954-446-
300 ## - Физическа характеристика
Размери/Мащаб 23 см
Страници 384 с.
Илюстрации и др. с ил., портр.
380 ## - Жанр
Жанр Общ отдел
501 ## - Забележка „подвързано към”
Забележка: Подвързано към... Ориг. загл., установено от доп. източник: Cosmos / Ann Druyan<br/>За авторката: с. 384<br/>Азб. показалец
700 ## - Други автори (авторска отговорност)
Лично име Илиева, Лили Христова
Дати, свързани с автора 1956 -
Пълна форма на името Илиева, Лилия Христова
9 (RLIN) 241658
700 ## - Други автори (авторска отговорност)
9 (RLIN) 695
Лично име Божилов, Владимир Веселинов
Автороска отговорност (Описва отношението между автора и произведението) науч. ред.
852 ## - Местоположение
Форматна сигнатура Цб 304523
Фондова буква Хранилище
999 ## - СИСТЕМНИ КОНТРОЛНИ НОМЕРА
Koha biblionumber 390881
Koha biblioitemnumber 390881
942 ## - АРТИКУЛИ
Вид на библиотечния материал Книги
Скрит в OPAC Не
Периодичен библиозапис Да
Koha issues (borrowed), all copies 12
944 ## - СЪЗДАВАНЕ И РЕДАКЦИЯ на ЗАПИСА
Създаване/Редакция Създаване
Дата на регистрацията/редакция 2020-10-29
Служител, извършил регистрацията/редакцията 30575
Статус, дата на статуса Мартин Енчев
944 ## - СЪЗДАВАНЕ И РЕДАКЦИЯ на ЗАПИСА
Създаване/Редакция Редакция
Дата на регистрацията/редакция 2020-11-21
Служител, извършил регистрацията/редакцията К.Д.
999 ## - СИСТЕМНИ КОНТРОЛНИ НОМЕРА
Koha biblioitemnumber 390881
999 ## - СИСТЕМНИ КОНТРОЛНИ НОМЕРА
Koha biblioitemnumber 390881
Наличности
Код за отписване Код за изгубен артикул Източник на класификационната схема Код за повреда Коз за рестрикции Код за отдаване Артикулен № Име на библиотеката - собственик Име на библиотеката, в която се намира в момента Статус (Текущо местоположение) Дата на вписване в системата Местоположение - отдел Цена в лева Систематично азбучна сигнатура Баркод Цена в евро Служебен тип на артикула
  Не е изгубен Universal Decimal Classification Не е повреден само за читалня ползва се в читалня 805311 Регионална библиотека "Любен Каравелов" Русе Регионална библиотека "Любен Каравелов" Русе Хранилище 2020-11-18 Хранилище 35.00 Цб 304523 120000849933 17.90 Книги
  Не е изгубен Universal Decimal Classification Не е повреден без рестрикции заемане за дома 880300 Регионална библиотека "Любен Каравелов" Русе Регионална библиотека "Любен Каравелов" Русе Заемна - подръчен фонд 2022-04-05 Заемна - подръчен фонд 35.00 524/Д 91 А 120000870416 17.90 Книги
Vip Innovations Ltd, Rousse, Bulgaria 2025